| 000 | 00437nam a2200133Ia 4500 | ||
|---|---|---|---|
| 008 | 170516s9999 xx 000 0 und d | ||
| 245 | _aMagnetically Responsive Smart Nanoparticles for Cancer Treatment with a Combination of Magnetic Hyperthermia and Remote-Control Drug Release | ||
| 260 | _bTheranostics | ||
| 260 | _c2014 | ||
| 300 | _a4:8 | ||
| 650 | _xMedical Technology | ||
| 650 | _xMedtech | ||
| 856 | _uhttp://www.thno.org/v4i8 | ||
| 999 |
_c330453 _d330453 |
||